Welcome to CU Library Online Public Access Catalogue (OPAC)

Renal pathophysiology / (Record no. 136)

MARC details
000 -LEADER
fixed length control field 00771pam a2200217 a 4500
001 - CONTROL NUMBER
control field 4450743
005 - DATE AND TIME OF LATEST TRANSACTION
control field 20241023130701.0
008 - FIXED-LENGTH DATA ELEMENTS--GENERAL INFORMATION
fixed length control field 950307s1995 paua b 001 0 eng c
020 ## - INTERNATIONAL STANDARD BOOK NUMBER
International Standard Book Number 0397513720 (alk. paper)
050 00 - LIBRARY OF CONGRESS CALL NUMBER
Classification number RC903.9
Item number .R478 1995
082 00 - DEWEY DECIMAL CLASSIFICATION NUMBER
Classification number 616.6/107
Edition information 20
245 00 - TITLE STATEMENT
Title Renal pathophysiology /
Statement of responsibility, etc. [edited by] James A. Shayman ; with 6 contributing authors.
260 ## - PUBLICATION, DISTRIBUTION, ETC.
Place of publication, distribution, etc. Philadelphia :
Name of publisher, distributor, etc. J.B. Lippincott,
Date of publication, distribution, etc. c1995.
300 ## - PHYSICAL DESCRIPTION
Extent xi, 189 p. :
Other physical details ill. (some col.) ;
Dimensions 26 cm.
440 #0 - SERIES STATEMENT/ADDED ENTRY--TITLE
Title Lippincott's pathophysiology series
650 #0 - SUBJECT ADDED ENTRY--TOPICAL TERM
Topical term or geographic name entry element Kidneys
General subdivision Pathophysiology.
650 12 - SUBJECT ADDED ENTRY--TOPICAL TERM
Topical term or geographic name entry element Kidney
General subdivision physiopathology.
700 1# - ADDED ENTRY--PERSONAL NAME
Personal name Shayman, James A.
856 42 - ELECTRONIC LOCATION AND ACCESS
Materials specified Publisher description
Uniform Resource Identifier <a href="http://www.loc.gov/catdir/enhancements/fy0809/95010443-d.html">http://www.loc.gov/catdir/enhancements/fy0809/95010443-d.html</a>
942 ## - ADDED ENTRY ELEMENTS (KOHA)
Source of classification or shelving scheme Dewey Decimal Classification
Koha item type Books
Suppress in OPAC No
999 ## -
-- 136
-- 136
Holdings
Withdrawn status Lost status Source of classification or shelving scheme Damaged status Not for loan Collection Home library Current library Shelving location Date acquired Total checkouts Full call number Barcode Date last seen Copy number Price effective from Koha item type
    Library of Congress Classification     Non-fiction Undergraduate Library (Christ Temple) Undergraduate Library (Christ Temple) General stacks 10/23/2024   RC903.9 REN ulct00000045 10/23/2024 1 10/23/2024 Books
© 2023-2024 Copyright: Central University Libraries. All Rights Reserved | Created by: Mahone Tech Office